ბათუმის შოთა რუსთაველის სახელმწიფო უნივერსიტეტის ბიბლიოთეკა

თბოტექნიკა : სახელმძღ. / (ბიბ.ჩანაწერი № 37429)

000 -ლიდერი
ფიქსირებული სიგრძის საკონტროლო ველი 01012nam a2200229Ia 4500
001 - საკონტროლო ნომერი
საკონტროლო ველი 3388
003 - საკონტროლო ნომრის იდენტიფიკატორი
საკონტროლო ველი GE_BSU
005 - ბოლო ოპერაციის თარიღი და დრო
საკონტროლო ველი 20190607211522.0
008 - ფიქსირებული სიგრძის მონაცემთა ელემენტები - ზოგადი ინფორმაცია
ფიქსირებული სიგრძის საკონტროლო ველი 181216s1955|||| |||||||||||||| ||geo||
040 ## - კატალოგიზაციის წყარო
Transcribing agency GE_BSU
041 ## - ენის კოდი
Language code of text/sound track or separate title geo
080 ## - უნივერსალური ათობითი კლასიფიკაციის ინდექსი
Universal Decimal Classification number 621.1(075.8) ტ–29
100 ## - მთავარი ჩანაწერი - პიროვნების სახელი
Personal name ტარეევი, ვ.მ.
9 (RLIN) 2307
245 ## - ცნობა სათაურის შესახებ
Title თბოტექნიკა : სახელმძღ. /
Statement of responsibility, etc ვ.მ. ტარეევი ; გ.ა.მატვეევი ; ს.ნ გრიგორიევი ; რედ : შ.პ. ლომინაძე.
264 ## - წარმოების, გამოცემის, დისტრიბუციის და სხვა ცნობები
გამოცემის, წარმოების, დისტრიბუციის... ადგილი თბილისი :
გამოცემის, წარმოების, დისტრიბუციის... სახელწოდება საქ. სას.–სამ. ინ–ტი,
გამოცემის, წარმოების, დისტრიბუციის... თარიღი 1955.
300 ## - ფიზიკური აღწერა
Extent 807გვ.:
Other physical details ილ.
Dimensions 27 სმ.
Accompanying material ნახაზ;დანართ.
653 ## - INDEX TERM--UNCONTROLLED
Uncontrolled term თბოტექნიკა
700 ## - ADDED ENTRY--PERSONAL NAME
Personal name მატვეევი,გ.ა.
9 (RLIN) 2308
700 ## - ADDED ENTRY--PERSONAL NAME
Personal name გრიგორიევი,ს.ნ.
9 (RLIN) 2309
700 ## - ADDED ENTRY--PERSONAL NAME
Personal name ლომინაძე, შ.პ
Relator term რედაქტორი
9 (RLIN) 2281
942 ## - ADDED ENTRY ELEMENTS (KOHA)
Koha item type წიგნი
Source of classification or shelving scheme
ეგზემპლარები
ჩამოწერის სტატუსი დაკარგული ეგზემპლარის სტატუსი კლასიფიკაციის წყარო ან თაროზე გაწყობის სქემა დაზიანების სტატუსი არ გაიცემა მუდმივი მდებარეობა (დაცვის ადგილი) ამჟამინდელი ადგილსამყოფელი თაროზე განთავსების ადგილი შეძენის თარიღი ღირებულება, შესყიდვის ნორმალური ფასი სრული შენახვის შიფრი შტრიხკოდი ბოლო ოპერაციის თარიღი ეგზემპლარის მიმდევრობითი ნომერი (კეტერი?) ფასის ძალაში შესვლის თარიღი ეგზემპლარის სახეობა საჯარო შენიშვნა
          ტექნოლოგიური ფაკულტეტის ბიბლიოთეკა ტექნოლოგიური ფაკულტეტის ბიბლიოთეკა წიგნსაცავი 2018-12-17 7.00 621.1(075.8) ტ–29 10645 2018-12-17 10645 2018-12-17 წიგნი 7 ლ.
          ტექნოლოგიური ფაკულტეტის ბიბლიოთეკა ტექნოლოგიური ფაკულტეტის ბიბლიოთეკა წიგნსაცავი 2018-12-17 7.00 621.1(075.8) ტ–29 10646 2018-12-17 10646 2018-12-17 წიგნი 7 ლ.